|
|
|
|
| LEADER |
00000nab a2200000 a 4500 |
| 001 |
vtls000841743 |
| 003 |
SK-MaSNL |
| 005 |
20260304110119.0 |
| 008 |
250429c2003 xo 0 slo |
| 015 |
|
|
|a SNBRB2003/08-21923
|
| 035 |
|
|
|a CLN000193398
|
| 035 |
|
|
|a urn:nbn:sk:snk-abdqt6
|
| 035 |
|
|
|a (urnnbn)urn:nbn:sk:snk:ar-001mx9
|
| 035 |
|
|
|a (uuid)94f165cc-4b7c-487d-83a9-d50fcc08a858
|
| 040 |
|
|
|a SNKBUCL
|b slo
|c SNKBUCL
|e AACR2
|
| 041 |
0 |
|
|a slo
|
| 044 |
|
|
|a xo
|c SK
|
| 080 |
|
|
|a 719
|2 1997
|
| 080 |
|
|
|a 504.06
|2 1997
|
| 100 |
1 |
|
|a Gregorová, Jana,
|d 1959-
|4 aut
|9 220571
|
| 245 |
1 |
0 |
|a Historické mesto
|b vec kultúrnej verejnosti
|c Jana Gregorová
|
| 300 |
|
|
|b Obr.
|
| 504 |
|
|
|a Bibliogr. odkazy
|
| 650 |
0 |
7 |
|a trvalo udržateľný rozvoj
|2 SNKPH
|9 3353
|
| 650 |
0 |
7 |
|a kultúrne dedičstvo
|2 SNKPH
|9 4195
|
| 650 |
0 |
7 |
|a urbanizácia
|2 SNKPH
|9 24028
|
| 655 |
|
7 |
|a články z novín a časopisov
|2 SNK
|9 267496
|
| 773 |
0 |
|
|t Projekt
|g Roč. 45, č. 2 (2003), s. 18-21
|x 1335-2180
|
| 850 |
|
|
|a Slovenská národná knižnica
|
| 852 |
|
|
|a Slovenská národná knižnica
|
| 954 |
|
|
|a odborná, vedecká literatúra pôvodná (slovenská)
|2 lita
|
| 958 |
|
|
|a article19
|
| 958 |
|
|
|a NB
|
| 958 |
|
|
|a OND
|
| 958 |
|
|
|a EUIPO
|
| 992 |
|
|
|a RBX
|
| 999 |
|
|
|c 2858548
|d 2860478
|